000 00276nam a22001217a 4500
008 170315b xxu||||| |||| 00| 0 eng d
041 _aeng
080 _25ED
_a611
100 _a7
101 _aSHM
245 _aCONCEPTS OF HUMAN ANATOMY PHYSIOLOGY
_cVAN.K.M
942 _2udc
_cBK
999 _c7878
_d7878